Movies Quiz

Random Movies or Actor Quiz

Jack Nicholson Movies by Image Quiz Stats

 Plays Quiz Updated Apr 22, 2017

Support Sporcle.
Go Orange.
Score 0/25 Timer 05:00
1 Play Today
% Correct
Batman
97.4%
The Shining
92.6%
A Few Good Men
81.8%
One Flew Over the Cuckoo's Nest
70.4%
Chinatown
59.2%
The Departed
58.2%
Mars Attacks!
53.1%
As Good as It Gets
51.8%
The Bucket List
42.6%
Easy Rider
42.3%
Wolf
35.5%
About Schmidt
32.4%
Five Easy Pieces
28.8%
% Correct
Anger Management
27.2%
Hoffa
23.4%
Terms of Endearment
22.8%
The Witches of Eastwick
19.4%
The Last Detail
19.4%
Something's Gotta Give
18.1%
Prizzi's Honor
13.6%
Reds
10%
Carnal Knowledge
9%
The Border
7.4%
Tommy
6%
The Postman Always Rings Twice
3.2%

You're not logged in!

Compare scores with friends on all Sporcle quizzes.
OR
Log In
Forgot?

From the Vault

Hide Your 'C' Movies

by timmylemoine1

Come 'C' these movies!
Remove Ads.
Support Sporcle.
Get the best of Sporcle when you Go Orange. This ad-free experience offers more features, more stats, and more fun while also helping to support Sporcle. Thank you for becoming a member.

Show Comments

Extras

Top Quizzes Today


Score Distribution

Your Account Isn't Verified!

In order to create a playlist on Sporcle, you need to verify the email address you used during registration. Go to your Sporcle Settings to finish the process.

Report this User

Report this user for behavior that violates our Community Guidelines.

Details: